000 00207nam a2200109Ia 4500
100 _a#N/A
942 _cBK
245 _aA Course in Communication Skills
260 _b#N/A
546 _aENGLISH
999 _c24926
_d24926